Gaming Quiz

Random Gaming or Board Games Quiz

Monopoly (US) Spaces by other clues Quiz Stats

Quiz not verified by Sporcle

Challenge
Share
Tweet
Embed
Score 0/34 Timer 08:00
0 Plays Today
Hint #1 Answer % Correct
Home of the Cape Fear River, the Blue Ridge Mountains and Cape HatterasNorth Carolina Ave
74.4%
Home of Ben & Jerry's Ice CreamVermont Ave
73.1%
Street that connects the White House and the United States CapitolPennsylvania Ave
70.5%
Leslie Knope and the rest of the Pawnee Parks and Recreation department call this state homeIndiana Ave
69.2%
Most wins in NCAA Div. I men's basketball historyKentucky Ave
66.7%
A nutritional recommendation inspired by traditional dietary patterns of Greece, Southern Italy, and SpainMediterranean Ave
64.1%
Grammy and MTV VMA winning song by Arrested DevelopmentTennessee Ave
64.1%
Author of Mrs. Dalloway and To The Lighthouse; committed suicide in 1941Virginia Ave
64.1%
Place that The Drifters sang about in 1964Boardwalk
62.8%
Site of the 1939 and 1964 World's FairNew York Ave
62.8%
Slang for tears or the source thereof; ie to turn on theWaterworks
62.8%
The gifts of gold, frankincense and myrrh would be classified as this according to the Christmas carolOriental Ave
62.8%
This Dry Index is an economic indicator that provides an assessment of the price of moving dry bulk materials by seaBaltic Ave
62.8%
The only one of the original 13 colonies to not border the Atlantic OceanPennsylvania Railroad
61.5%
Located in Stockton, California this university lays claim to both the first conservatory of music and first medical school on the West Coast.Pacific Ave
60.3%
Making out with your girl in your '55 Chevy at Lovers Lane at no costFree Parking
59%
70's educational sketch show from the creators of Sesame StreetElectric Company
56.4%
Hint #1 Answer % Correct
Site of a massacre on July 23, 1877, in which ten people lost their lives after the militia was called in to deal with a labor strikeReading Railroad
55.1%
Seaside resort on the south coast of the Isle of WightVentnor Ave
55.1%
Ernest did it in 1990. Madea did it in 2009.Go to Jail
53.8%
To express something definitely or clearly in speech or writing in the third person present tenseStates Ave
52.6%
Where the eponymous title character is from in Mark Twain's time travel novelConnecticut Ave
51.3%
1999 crime comedy film starring Sarah Polley, Katie Holmes and Jay MohrGo
43.6%
The term 'jazz' was coined in this state by Benny Goodman and Gene KrupaIllinois Ave
42.3%
Chicago based rapper/hip hop artist known for his mix tapes 'Acid Rap' and 'Surf'Chance
41%
The Catholic Church celebrates the feast of this man on November 4thSt Charles Place
41%
A 2003 megawad that contains 32 new levels made by members of the Doomworld communityCommunity Chest
39.7%
Last name shared by Melissa McCarthy's character on Gilmore Girls and the actress who played Kate McArdle on Kate & AllieSt. James Place
38.5%
Name for three different Coach USA companies that provide local, commuter and intercity bus servicesShort Line
37.2%
American magazine, founded in 1857 in Boston, now based in Washington, D.C. focusing on literary and cultural commentaryAtlantic Ave
33.3%
Jean Reno and Christina Applegate star in this remake of the French comedy 'Les Visiteurs'Just Visiting
28.2%
Largest casino developer in the world, spun off from Hilton Hotels in 1998, renamed Caesars Entertainment in 2003 acquired by Harrah's in 2005Park Place
28.2%
Brand name for a prescription medication containing powdered opium and belladonna alkaloids in a suppository formB & O Railroad
25.6%
Pseudonym that Jimmy Buffet used when he wrote 'Why Don't We Get Drunk'Marvin Gardens
21.8%

You're not logged in!

Compare scores with friends on all Sporcle quizzes.
Join for Free
OR
Log In

You Might Also Like...

Show Comments

Extras

Top Quizzes Today


Score Distribution

Your Account Isn't Verified!

In order to create a playlist on Sporcle, you need to verify the email address you used during registration. Go to your Sporcle Settings to finish the process.

Report this User

Report this user for behavior that violates our Community Guidelines.

Details: